| 000 | 00533nam a22002057a 4500 | ||
|---|---|---|---|
| 003 | OSt | ||
| 005 | 20170328152846.0 | ||
| 008 | 170328b xxu||||| |||| 00| 0 eng d | ||
| 020 | _a0198559488 | ||
| 040 | _cDDC. | ||
| 082 | _a539ATK 1997. | ||
| 100 |
_aAtkins,P.W;Friedman,R.S; _911990 |
||
| 245 | _aMolecular Quantum Mechanics; | ||
| 250 | _a3rd ed. | ||
| 260 |
_aOxford. _bOxford University Press. _c1997. |
||
| 300 |
_axvii,545p; _bill; _c26cm. |
||
| 504 | _aincludes index, | ||
| 650 |
_aPhysics. _9809 |
||
| 942 |
_2ddc _cO_SHELF |
||
| 999 |
_c5767 _d5767 |
||